[Event "BI-2012-P-00030"]
[Site "LSS email"]
[Date "2012.04.20"]
[Round "?"]
[White "Zhdanenia, Konstantin A"]
[Black "Grohp, Patrik"]
[Result "1-0"]
[WhiteElo "2003"]
[BlackElo "1176"]
[PlyCount "123"]
[EventDate "2012.04.22"]
[EventType "tourn (corr)"]
[EventRounds "10"]
[EventCountry "GER"]
[SourceTitle "Telechess CBM 163"]
[Source "ChessBase"]
[SourceDate "2014.11.11"]
[SourceVersion "2"]
[SourceVersionDate "2014.11.11"]
[SourceQuality "1"]

1. d4 d5 2. Nf3 c6 3. Bf4 e6 4. e3 Bd6 5. Bxd6 Qxd6 6. c4 Nd7 7. Qc2 Ngf6 8. Be2 b6 9. Nc3 Bb7 10. Rc1 0-0 11. cxd5 exd5 12. Qf5 Qe6 13. Qf4 Rac8 14. Ng5 Qe7 15. 0-0 Rfe8 16. Rfd1 Nf8 17. Bd3 h6 18. Nf3 Ne6 19. Qf5 c5 20. Bc2 a6 21. Qe5 b5 22. a3 g6 23. h3 c4 24. Qg3 Kg7 25. Ne5 Nf8 26. f4 Nh5 27. Qf2 Nf6 28. Rf1 Rcd8 29. Rce1 Qd6 30. h4 h5 31. Qf3 Ne4 32. f5 Nd2 33. f6+ Kg8 34. Qf4 Nxf1 35. Rxf1 Re6 36. Ne2 Nh7 37. Nxf7 Qxf4 38. Nxf4 Kxf7 39. Bxg6+ Kxf6 40. Nxe6+ Kxe6 41. Bxh7 Bc6 42. Rf5 Be8 43. Re5+ Kd6 44. Bg8 Bc6 45. Bf7 b4 46. Re6+ Kc7 47. axb4 Rb8 48. Bxh5 Rxb4 49. Bg6 Rxb2 50. h5 c3 51. h6 Ba4 52. h7 Rb8 53. Rf6 Bd1 54. Rxa6 c2 55. Ra1 Kd6 56. e4 dxe4 57. Bxe4 Ke7 58. Kf2 Kf6 59. Ke3 Re8 60. d5 Kg7 61. d6 Rd8 62. Ra7+ 1-0

[Event "SF-2012-0-00142"]
[Site "LSS email"]
[Date "2012.04.05"]
[Round "?"]
[White "Grohp, Patrik"]
[Black "Pinilla Munoz, Sonia"]
[Result "1/2-1/2"]
[WhiteElo "1181"]
[BlackElo "1322"]
[PlyCount "38"]
[EventDate "2012.02.28"]
[EventType "tourn (corr)"]
[EventRounds "6"]
[EventCountry "GER"]
[SourceTitle "Corr 2015"]
[Source "ChessBase"]
[SourceDate "2015.07.17"]
[SourceVersion "1"]
[SourceVersionDate "2015.07.17"]
[SourceQuality "1"]

1. e4 c5 2. Nf3 d6 3. d4 cxd4 4. Nxd4 Nf6 5. Nc3 a6 6. Bg5 e6 7. Qd2 Nc6 8. 0-0-0 Bd7 9. f3 Be7 10. h4 h6 11. Be3 h5 12. Bc4 b5 13. Nxc6 Bxc6 14. Bd3 b4 15. Ne2 Qa5 16. Kb1 Rc8 17. Nd4 Bb7 18. Bg5 0-0 19. Qe2 Qb6 1/2-1/2

[Event "OP-2012-0-02073"]
[Site "LSS email"]
[Date "2012.02.20"]
[Round "?"]
[White "Grohp, Patrik"]
[Black "Grassmann, Igor"]
[Result "1/2-1/2"]
[WhiteElo "1162"]
[BlackElo "1220"]
[PlyCount "34"]
[EventDate "2012.02.16"]
[EventType "tourn (corr)"]
[EventRounds "4"]
[EventCountry "GER"]
[SourceTitle "Corr 2015"]
[Source "ChessBase"]
[SourceDate "2015.07.17"]
[SourceVersion "1"]
[SourceVersionDate "2015.07.17"]
[SourceQuality "1"]

1. e4 c6 2. d4 d5 3. e5 Bf5 4. Nf3 e6 5. Be2 Nd7 6. 0-0 h6 7. b3 Ne7 8. c4 Ng6 9. Na3 Be7 10. Nc2 Qa5 11. Bd2 Qc7 12. Rc1 f6 13. exf6 Nxf6 14. Ne3 Ba3 15. Nxf5 Bxc1 16. Qxc1 exf5 17. Ne5 Ne7 1/2-1/2

[Event "SN-2011-0-00400"]
[Site "LSS email"]
[Date "2011.11.12"]
[Round "?"]
[White "Grohp, Patrik"]
[Black "Brough, Carl"]
[Result "1-0"]
[WhiteElo "1069"]
[BlackElo "801"]
[PlyCount "97"]
[EventDate "2011.11.05"]
[EventType "tourn (corr)"]
[EventRounds "6"]
[EventCountry "GER"]
[SourceTitle "Telechess CBM 157"]
[Source "ChessBase"]
[SourceDate "2013.11.12"]
[SourceVersion "1"]
[SourceVersionDate "2013.11.12"]
[SourceQuality "1"]

1. Nf3 d5 2. b3 Bg4 3. Ne5 Bh5 4. g4 Bg6 5. h4 Qd6 6. Bb2 d4 7. Nc4 Qd5 8. Rg1 Nc6 9. h5 Be4 10. d3 Nb4 11. a3 Nc6 12. dxe4 Qxe4 13. Qd3 Qf4 14. Qg3 Qxg3 15. Rxg3 0-0-0 16. Bg2 f6 17. Bxc6 bxc6 18. Nbd2 e5 19. 0-0-0 Ne7 20. e3 d3 21. Ne4 dxc2 22. Rxd8+ Kxd8 23. Nc5 Kc8 24. Ne6 Nd5 25. g5 Be7 26. Nxg7 e4 27. Nf5 Bd8 28. g6 hxg6 29. hxg6 Rg8 30. g7 Ne7 31. Nh6 Re8 32. Bxf6 Ng8 33. Nxg8 Rxg8 34. Be5 Be7 35. Rh3 Kb7 36. Rh8 Rxg7 37. Bxg7 c5 38. Re8 Bh4 39. Rxe4 Bxf2 40. Kxc2 Kc6 41. Kd2 Kd5 42. Rg4 Ke6 43. Ke2 Kf5 44. Ne5 a5 45. Kxf2 c6 46. e4+ Ke6 47. Rg6+ Ke7 48. Bf6+ Kf8 49. Rh6 1-0

[Event "SN-2011-0-00400"]
[Site "LSS email"]
[Date "2011.11.12"]
[Round "?"]
[White "Grohp, Patrik"]
[Black "Holmquist, Marson C"]
[Result "1-0"]
[WhiteElo "1069"]
[BlackElo "572"]
[PlyCount "55"]
[EventDate "2011.11.05"]
[EventType "tourn (corr)"]
[EventRounds "6"]
[EventCountry "GER"]
[SourceTitle "Telechess CBM 157"]
[Source "ChessBase"]
[SourceDate "2013.11.12"]
[SourceVersion "1"]
[SourceVersionDate "2013.11.12"]
[SourceQuality "1"]

1. e4 c5 2. Nf3 Nc6 3. Bb5 a6 4. Bxc6 dxc6 5. h3 g6 6. d3 Bg7 7. 0-0 Qc7 8. Nc3 Be6 9. Be3 Bxc3 10. bxc3 0-0-0 11. Bxc5 b6 12. Bd4 f6 13. a4 Qf4 14. Bxb6 Rd7 15. Qe2 Qb8 16. a5 Nh6 17. Nd4 Rd6 18. Bc5 Rd7 19. Nxe6 Nf7 20. d4 Ng5 21. Nxg5 fxg5 22. Qxa6+ Kd8 23. Qxc6 Rc7 24. Bb6 Qc8 25. a6 Rf8 26. a7 e6 27. Bxc7+ Qxc7 28. a8Q+ 1-0

[Event "OP-2011-0-01869"]
[Site "LSS email"]
[Date "2011.11.09"]
[Round "?"]
[White "Grohp, Patrik"]
[Black "Neumann, Frank"]
[Result "1-0"]
[WhiteElo "1069"]
[BlackElo "664"]
[PlyCount "43"]
[EventDate "2011.11.06"]
[EventType "tourn (corr)"]
[EventRounds "4"]
[EventCountry "GER"]
[SourceTitle "Telechess CBM 157"]
[Source "ChessBase"]
[SourceDate "2013.11.12"]
[SourceVersion "1"]
[SourceVersionDate "2013.11.12"]
[SourceQuality "1"]

1. b3 e5 2. Bb2 Nc6 3. e3 Nf6 4. Ne2 Be7 5. d4 exd4 6. Nxd4 0-0 7. Be2 b6 8. 0-0 Bb7 9. Nf5 a5 10. Nd2 Ne5 11. Bxe5 d6 12. Bb2 g6 13. Nxe7+ Qxe7 14. Bf3 Bxf3 15. Qxf3 c5 16. Bxf6 Qe6 17. Qf4 Qf5 18. Qxf5 gxf5 19. Nc4 d5 20. Nxb6 Ra6 21. Nxd5 Rd6 22. Ne7# 1-0